Engineering Physics (Record no. 1211)

MARC details
000 -LEADER
fixed length control field 00435nam a22001697a 4500
005 - DATE AND TIME OF LATEST TRANSACTION
control field 20160520140016.0
008 - FIXED-LENGTH DATA ELEMENTS--GENERAL INFORMATION
fixed length control field 160520b xxu||||| |||| 00| 0 eng d
020 ## - INTERNATIONAL STANDARD BOOK NUMBER
ISBN 978-81-89928-22-3
041 ## - LANGUAGE CODE
Language code of text/sound track or separate title eng
082 ## - DEWEY DECIMAL CLASSIFICATION NUMBER
Item number 3575
100 ## - MAIN ENTRY--AUTHOR NAME
Personal name Gaur R.K. & Gupta S.L.
245 ## - TITLE STATEMENT
Title Engineering Physics
260 ## - PUBLICATION, DISTRIBUTION, ETC. (IMPRINT)
Place of publication New Delhi
Name of publisher Dhanpat Rai Publising Co. Pvt. Ltd.
300 ## - PHYSICAL DESCRIPTION
Number of Pages 64.2
650 ## - SUBJECT ADDED ENTRY--TOPICAL TERM
Topical Term DIPLOMA ENGINEERING
942 ## - ADDED ENTRY ELEMENTS (KOHA)
Koha item type Books
Holdings
Lost status Damaged status Collection code Home library Current library Shelving location Date acquired Source of acquisition Cost, normal purchase price Full call number Accession Number Koha item type
    CS/IT JRU Library JRU Library SHELF-56-D 20/05/2016 PURCHASE 595.00 3575 3575 Books
      JRU Library   SHELF-35-M 20/05/2016   595.00 3575 3576 Books
    CS/IT JRU Library JRU Library SHELF-56-D 20/05/2016   595.00 3575 3577 Books
    CS/IT JRU Library JRU Library SHELF-56-D 20/05/2016   595.00 3575 3578 Books
    CS/IT JRU Library JRU Library SHELF-56-D 20/05/2016   595.00 3575 3579 Books
      JRU Library   SHELF-35-M 20/05/2016   595.00 3575 3580 Books
    CS/IT JRU Library JRU Library SHELF-56-D 20/05/2016   595.00 3575 3581 Books
    CS/IT JRU Library JRU Library SHELF-56-D 20/05/2016   595.00 3575 3582 Books